El Papa y los carismáticos

Guardat en:
Dades bibliogràfiques
Autor principal: Aldunate Lyon, Carlos (Autor)
Format: Llibre
Idioma:espanyol
Publicat: Santiago Ediciones Paulinas 1976
Edició:1a. ed
Matèries:
Etiquetes: Afegir etiqueta
Sense etiquetes, Sigues el primer a etiquetar aquest registre!

MARC

LEADER 00000cam a2200000 a 4500
001 UCD3675
003 CL-VaPUC
008 160616e19760000cl |||||||||||||||||spa|d
082 0 4 |a 248.3  |b ALD  |2 21 
100 0 |a Aldunate Lyon, Carlos  |e author  |9 587229 
245 1 3 |a El Papa y los carismáticos 
250 |a 1a. ed 
300 |a 43 p 
942 |c BK 
945 |d 20160616 22:39:00  |a dcastane 
260 |a Santiago  |b Ediciones Paulinas  |c 1976 
650 7 |a DONES ESPIRITUALES  |2 CL-VaPUC  |9 313346 
650 7 |a ESPIRITU SANTO  |2 CL-VaPUC  |9 587230 
650 7 |a CARISMA  |2 CL-VaPUC  |9 399828 
583 |a last modification  |c 20190712 10:20:51  |k Rodrigo Vera 
999 |c 364702  |d 364700 
952 |0 0  |1 0  |3 erb  |4 0  |6 248_300000000000000_ALD_1976  |7 0  |8 A  |9 478265  |a FDOHBE  |b FDOHBE  |e Huesbe Llanos, Marco Antonio, 1934-  |i 531013K  |o 248.3 ALD 1976  |p 531013K  |r 2024-01-30  |w 2019-11-24  |y BK  |z Catalogado en:20160616  |k HBE